000 00796nam a22002657a 4500
001 BR0906329
003 BR-BrBNA
005 20230928103128.0
007 ta
008 230509b bl.||||| |||| 00| 0 por d
040 _aBR-BrBNA
_bpor
_cBiblioteca Nacional de Agricultura
041 _a(Por)
072 _aE14
090 _ E14 BR0906329
100 1 _aLeite, P.S.
245 1 _aA luta pelo desenvolvimento regional e rural no mundo; relato de políticas e resultados em países visitados pelo autor
260 3 _aFortaleza, CE (Brasil):
_c2006.
300 _a198 p.
500 _aBibliography p. 195-198
650 _aDESENVOLVIMENTO ECONÔMICO
650 _aPLANEJAMENTO REGIONAL
650 _aPOLÍTICA DE DESENVOLVIMENTO
909 _a202309
_bLucia
_c55
_dLucia Elande
942 _cBK
999 _c73848
_d73848